000 00527nam a2200181Ia 4500
003 GCL
008 140319s9999 xx 000 0 ara d
040 _aGCL /
_cGCL
082 0 4 _a814
_bم ك
100 1 _aمحمد مندور
245 1 0 _aكتابات لم تنشر /
_cمحمد مندور
260 _a[S.N] :
_bدار الهلال للطباعة والنشر ،
_c1965
300 _a226 ص
490 _aكتاب الهلال
_v0
650 0 4 _aالادب العربى
650 0 4 _aالمقالات
942 _2ddc
_cBK
999 _c46390
_d46390